<?xml version="1.0" encoding="UTF-8"?>
<record
    xmlns:xsi="http://www.w3.org/2001/XMLSchema-instance"
    xsi:schemaLocation="http://www.loc.gov/MARC21/slim http://www.loc.gov/standards/marcxml/schema/MARC21slim.xsd"
    xmlns="http://www.loc.gov/MARC21/slim">

  <leader>03501nam a2200517Ia 4500</leader>
  <controlfield tag="001">2249</controlfield>
  <controlfield tag="008">241029s9999    xx            000 0 und d</controlfield>
  <datafield tag="010" ind1=" " ind2=" ">
    <subfield code="a">2110</subfield>
  </datafield>
  <datafield tag="041" ind1=" " ind2=" ">
    <subfield code="a">Espa&#xF1;ol</subfield>
  </datafield>
  <datafield tag="082" ind1=" " ind2=" ">
    <subfield code="a">CURSA -T- 000370</subfield>
  </datafield>
  <datafield tag="245" ind1=" " ind2="0">
    <subfield code="a">Desempe&#xF1;o de profesionales de Enfermer&#xED;a egresadas de la Universidad Aut&#xF3;noma de Santo Domingo (UASD), en la administraci&#xF3;n de los servicios en el Hospital San Vicente de Pa&#xFA;l, San Francisco de Macor&#xED;s, Julio 2002-Julio 2004.</subfield>
  </datafield>
  <datafield tag="260" ind1=" " ind2=" ">
    <subfield code="a">Duarte</subfield>
  </datafield>
  <datafield tag="300" ind1=" " ind2=" ">
    <subfield code="a">111</subfield>
  </datafield>
  <datafield tag="520" ind1=" " ind2=" ">
    <subfield code="a">5</subfield>
  </datafield>
  <datafield tag="630" ind1=" " ind2=" ">
    <subfield code="a">Educaci&#xF3;n y Salud</subfield>
  </datafield>
  <datafield tag="650" ind1=" " ind2=" ">
    <subfield code="a">Ejes Transversales (El Trabajo como Medio de Realizaci&#xF3;n Personal y Base del Desarrollo)</subfield>
  </datafield>
  <datafield tag="690" ind1=" " ind2=" ">
    <subfield code="a">Copiado sin cambios</subfield>
  </datafield>
  <datafield tag="700" ind1=" " ind2=" ">
    <subfield code="e">asesor</subfield>
    <subfield code="a">Molina Garc&#xED;a, Jos&#xE9; R.</subfield>
  </datafield>
  <datafield tag="700" ind1=" " ind2=" ">
    <subfield code="e">autor</subfield>
    <subfield code="a">Veras Mercedes, Magdalena</subfield>
  </datafield>
  <datafield tag="901" ind1=" " ind2=" ">
    <subfield code="a">{"1":"Veras Mercedes"}</subfield>
    <subfield code="b">{"1":"Magdalena"}</subfield>
  </datafield>
  <datafield tag="902" ind1=" " ind2=" ">
    <subfield code="a">1</subfield>
  </datafield>
  <datafield tag="903" ind1=" " ind2=" ">
    <subfield code="a">{"1":"Molina Garc&#xED;a"}</subfield>
    <subfield code="b">{"1":"Jos&#xE9; R."}</subfield>
  </datafield>
  <datafield tag="904" ind1=" " ind2=" ">
    <subfield code="a">Mag&#xED;ster en</subfield>
  </datafield>
  <datafield tag="905" ind1=" " ind2=" ">
    <subfield code="a">Educaci&#xF3;n Superior</subfield>
  </datafield>
  <datafield tag="906" ind1=" " ind2=" ">
    <subfield code="a">1</subfield>
  </datafield>
  <datafield tag="907" ind1=" " ind2=" ">
    <subfield code="a">Menci&#xF3;n en</subfield>
  </datafield>
  <datafield tag="908" ind1=" " ind2=" ">
    <subfield code="a">Ciencias de la Salud</subfield>
  </datafield>
  <datafield tag="909" ind1=" " ind2=" ">
    <subfield code="a">Universidad Aut&#xF3;noma de Santo Domingo (UASD)</subfield>
  </datafield>
  <datafield tag="910" ind1=" " ind2=" ">
    <subfield code="a">NULL</subfield>
    <subfield code="b">NULL</subfield>
  </datafield>
  <datafield tag="911" ind1=" " ind2=" ">
    <subfield code="a">["1"]</subfield>
  </datafield>
  <datafield tag="912" ind1=" " ind2=" ">
    <subfield code="a">NO APLICA</subfield>
  </datafield>
  <datafield tag="913" ind1=" " ind2=" ">
    <subfield code="a">NULL</subfield>
  </datafield>
  <datafield tag="914" ind1=" " ind2=" ">
    <subfield code="a">01 de Diciembre de 2004</subfield>
  </datafield>
  <datafield tag="915" ind1=" " ind2=" ">
    <subfield code="a">-693625</subfield>
  </datafield>
  <datafield tag="916" ind1=" " ind2=" ">
    <subfield code="a">NULL</subfield>
  </datafield>
  <datafield tag="917" ind1=" " ind2=" ">
    <subfield code="a">NULL</subfield>
  </datafield>
  <datafield tag="918" ind1=" " ind2=" ">
    <subfield code="a">NO APLICA</subfield>
  </datafield>
  <datafield tag="919" ind1=" " ind2=" ">
    <subfield code="a">["315"]</subfield>
  </datafield>
  <datafield tag="520" ind1=" " ind2=" ">
    <subfield code="a">Esta investigaci&#xF3;n estuvo fundamentada en las funciones que deben desarrollar los profesionales de Enfermer&#xED;a egresados de la Universidad Aut&#xF3;noma de Santo Domingo, en Administraci&#xF3;n de los Servicios, sus habilidades, destrezas y comportamiento. Est&#xE1; orientada a identificar las causas que inciden en el desempe&#xF1;o de la misma y satisfacci&#xF3;n de &#xE9;stas con su ejercicio.Este estudio se plante&#xF3; como prop&#xF3;sito identificar el desempe&#xF1;o de las egresadas de Licenciatura en Enfermer&#xED;a de la Universidad Aut&#xF3;noma de Santo Domingo, en la Administraci&#xF3;n de los Servicios que laboran en el Hospital San Vicente de Pa&#xFA;l, San Francisco de Macor&#xED;s durante el per&#xED;odo Julio 2002-2004.El estudio corresponde a un dise&#xF1;o observacional prospectivo realizado para caracterizar las situaciones de desempe&#xF1;o en la Administraci&#xF3;n de los Servicios de Enfermer&#xED;a por parte de las egresadas de la Universidad Aut&#xF3;noma de Santo Domingo, que laboran en el Hospital en estudio. El universo estuvo conformado por sesenta y tres (63) profesionales que laboran en el Centro se&#xF1;alado, la muestra la constituyen las cincuenta y nueve (59) enfermeras encuestadas; se elabor&#xF3; una gu&#xED;a de observaci&#xF3;n y el cuestionario.Se evidenciaron algunas debilidades de supervisi&#xF3;n que podr&#xED;an estar afectando el grado de cumplimiento, puntualidad y responsabilidad en los horarios establecidos por la Direcci&#xF3;n General de Enfermer&#xED;a y Asistencia Social (SESPAS).Cabe se&#xF1;alar que de todas las Licenciadas encuestadas diecisiete (17) han realizado Diplomado en Calidad de Atenci&#xF3;n, cuatro (4) Especialidades en Gerencia y seis (6) en Grado de Maestr&#xED;a en Materno-Infantil y Adolescentes, lo cual demuestra que tienen capacidad y conocimientos necesarios para desempe&#xF1;arse mejor en su &#xE1;mbito de trabajo.Se concluye se&#xF1;alando que el nivel de desempe&#xF1;o de las encuestadas es deficiente en la Administraci&#xF3;n de Servicio de Enfermer&#xED;a.Para visualizar este estudio en su totalidad haga click aqu&#xED;</subfield>
  </datafield>
  <datafield tag="921" ind1=" " ind2=" ">
    <subfield code="a">11</subfield>
  </datafield>
  <datafield tag="922" ind1=" " ind2=" ">
    <subfield code="a">11</subfield>
  </datafield>
  <datafield tag="923" ind1=" " ind2=" ">
    <subfield code="a">0</subfield>
  </datafield>
  <datafield tag="924" ind1=" " ind2=" ">
    <subfield code="a">NO APLICA</subfield>
  </datafield>
  <datafield tag="942" ind1=" " ind2=" ">
    <subfield code="c">Tesis</subfield>
  </datafield>
  <datafield tag="999" ind1=" " ind2=" ">
    <subfield code="c">2110</subfield>
    <subfield code="d">2110</subfield>
  </datafield>
</record>
